00425nam a2200121Ia 4500003000900000008004100009040003300050041000800083080001300091245013500104260004900239300001500288LK-CoDNM010623t1975 xxu||||| |||| 00| 1 eng d aLK-CoDNMdLK-CoDNMeLK-CoDNM aeng a331bEIG aReport of the Director-General : Ratification and Implementation of Selected International Labour Conventions by Asian Countries b International Labour Office a Genevac1975 b50p, 24 cm